[Event "DESC VS041 email"]
[Site "DESC email"]
[Date "2002.12.11"]
[Round "2"]
[White "Stroeher, Rudolf"]
[Black "Hort, Wolfgang"]
[Result "0-1"]
[WhiteElo "1882"]
[BlackElo "2004"]
[PlyCount "62"]
[EventDate "2002.??.??"]
[EventType "tourn (corr)"]
[EventRounds "6"]
[EventCountry "GER"]
[SourceTitle "Corr 2004"]
[Source "ChessBase"]
[SourceDate "2003.04.28"]
[SourceVersion "3"]
[SourceVersionDate "2003.04.28"]
[SourceQuality "1"]

1. e4 c6 2. d4 d5 3. exd5 cxd5 4. c4 Nf6 5. Nc3 e6 6. Nf3 Bb4 7. cxd5 Nxd5 8. Bd2 Nc6 9. Bd3 Be7 10. 0-0 0-0 11. a3 Bf6 12. Qc2 h6 13. Be3 Re8 14. h3 Re7 15. Rfd1 Rc7 16. Rac1 Nce7 17. Qe2 Bd7 18. Bd2 Rac8 19. Qe4 g6 20. Ne5 Bc6 21. Nxc6 Rxc6 22. Bxh6 Qb6 23. Nxd5 Nxd5 24. Rxc6 Rxc6 25. b4 Rc3 26. Bc1 Bxd4 27. Qe1 Rc7 28. Rd2 Bc3 29. Bb2 Bxd2 30. Qxd2 Qd6 31. Qg5 Nc3 0-1

[Event "DESC SZ029 email"]
[Site "DESC email"]
[Date "2002.11.03"]
[Round "?"]
[White "Freytag, Walter"]
[Black "Stroeher, Rudolf"]
[Result "1/2-1/2"]
[WhiteElo "2032"]
[BlackElo "1906"]
[PlyCount "80"]
[EventDate "2002.??.??"]
[EventType "tourn (corr)"]
[EventRounds "12"]
[EventCountry "GER"]
[SourceTitle "Corr 2004"]
[Source "ChessBase"]
[SourceDate "2003.04.28"]
[SourceVersion "3"]
[SourceVersionDate "2003.04.28"]
[SourceQuality "1"]

1. d4 g6 2. c4 Nf6 3. Nc3 d5 4. cxd5 Nxd5 5. e4 Nxc3 6. bxc3 Bg7 7. Nf3 c5 8. Rb1 0-0 9. Be2 b6 10. 0-0 Bb7 11. Qd3 Ba6 12. Qe3 Qd7 13. d5 Qa4 14. Bxa6 Qxa6 15. Rb2 Qc4 16. Rb3 Nd7 17. Nd2 Qa4 18. Qe2 Nf6 19. Bb2 Qd7 20. c4 Nh5 21. e5 Rad8 22. Rf3 b5 23. Rd1 Qg4 24. Qe3 bxc4 25. h3 Qh4 26. Rc1 g5 27. Qxc5 Nf4 28. Qxc4 Qh5 29. Ne4 Nxd5 30. Ng3 Qg6 31. Nf5 e6 32. Nxg7 Kxg7 33. Ba3 Rg8 34. Qa4 Kh8 35. Qxa7 g4 36. Rg3 Ra8 37. Qb7 h5 38. Rd1 Ra4 39. h4 Rga8 40. Bb2 Rxa2 1/2-1/2

[Event "DESC SZ029 email"]
[Site "DESC email"]
[Date "2002.11.03"]
[Round "?"]
[White "Schwartmann, Andreas"]
[Black "Stroeher, Rudolf"]
[Result "1-0"]
[WhiteElo "1793"]
[BlackElo "1906"]
[PlyCount "31"]
[EventDate "2002.??.??"]
[EventType "tourn (corr)"]
[EventRounds "12"]
[EventCountry "GER"]
[SourceTitle "Corr 2004"]
[Source "ChessBase"]
[SourceDate "2003.04.28"]
[SourceVersion "3"]
[SourceVersionDate "2003.04.28"]
[SourceQuality "1"]

1. e4 c5 2. Nf3 d6 3. d4 cxd4 4. Nxd4 Nf6 5. Nc3 a6 6. Be3 e5 7. Nb3 Be7 8. f3 Be6 9. Qd2 0-0 10. 0-0-0 a5 11. Bb5 Na6 12. Qe2 Nc7 13. Nc5 Nxb5 14. Qxb5 Bc8 15. N5a4 Ra6 16. Bb6 1-0

[Event "DESC SZ029 email"]
[Site "DESC email"]
[Date "2002.11.03"]
[Round "?"]
[White "Stroeher, Rudolf"]
[Black "Hort, Wolfgang"]
[Result "1/2-1/2"]
[WhiteElo "1906"]
[BlackElo "2019"]
[PlyCount "82"]
[EventDate "2002.??.??"]
[EventType "tourn (corr)"]
[EventRounds "12"]
[EventCountry "GER"]
[SourceTitle "Corr 2004"]
[Source "ChessBase"]
[SourceDate "2003.04.28"]
[SourceVersion "3"]
[SourceVersionDate "2003.04.28"]
[SourceQuality "1"]

1. e4 e6 2. d4 d5 3. Nc3 Bb4 4. e5 c5 5. a3 Bxc3+ 6. bxc3 Ne7 7. Qg4 Qc7 8. Qxg7 Rg8 9. Qxh7 cxd4 10. Ne2 Nbc6 11. f4 dxc3 12. Qd3 Nf5 13. Rg1 Qd8 14. h3 d4 15. g4 Qh4+ 16. Ng3 Nfe7 17. Kd1 Nd5 18. Ne4 Kd7 19. Bg2 Kc7 20. Re1 Bd7 21. Nd6 Raf8 22. Rb1 b6 23. Re2 f5 24. Bxd5 exd5 25. g5 Rg6 26. Nb5+ Kb8 27. Rb3 Re6 28. Nxd4 Nxd4 29. Qxd4 Be8 30. Qxc3 Bh5 31. Qg3 Bxe2+ 32. Kxe2 Qh7 33. Qd3 Rc8 34. Kd1 Rec6 35. Bd2 Qh5+ 36. Qf3 Qe8 37. Bb4 Rxc2 38. Qxd5 R8c6 39. Rd3 Qh5+ 40. Qf3 Qf7 41. Bc3 Qb3 1/2-1/2

[Event "DESC SZ029 email"]
[Site "DESC email"]
[Date "2002.11.03"]
[Round "?"]
[White "Stroeher, Rudolf"]
[Black "Schumacher, Klaus"]
[Result "1/2-1/2"]
[WhiteElo "1906"]
[BlackElo "1988"]
[PlyCount "79"]
[EventDate "2002.??.??"]
[EventType "tourn (corr)"]
[EventRounds "12"]
[EventCountry "GER"]
[SourceTitle "Corr 2004"]
[Source "ChessBase"]
[SourceDate "2003.04.28"]
[SourceVersion "3"]
[SourceVersionDate "2003.04.28"]
[SourceQuality "1"]

1. e4 c6 2. d4 d5 3. Nc3 dxe4 4. Nxe4 Bf5 5. Ng3 Bg6 6. h4 h6 7. Nf3 Nd7 8. h5 Bh7 9. Bd3 Bxd3 10. Qxd3 Qc7 11. Rh4 e6 12. Bf4 Bd6 13. Bxd6 Qxd6 14. Ne4 Qe7 15. Qa3 Qxa3 16. bxa3 Ke7 17. Rb1 b6 18. Ne5 Nxe5 19. dxe5 f6 20. Ng3 fxe5 21. Re4 Nf6 22. Rxe5 Rad8 23. a4 Rd5 24. Rxd5 Nxd5 25. Ne2 Rd8 26. c4 Nf6 27. a5 bxa5 28. Rb7+ Rd7 29. Rxd7+ Kxd7 30. Ng3 Kd6 31. Kd2 a4 32. a3 Ng4 33. f3 Ne5 34. Ne4+ Ke7 35. Kc3 g5 36. Kd4 Nd7 37. Nc3 c5+ 38. Ke4 Nb6 39. Kd3 Kf7 40. Ne4 1/2-1/2

[Event "DESC VS039 email"]
[Site "DESC email"]
[Date "2002.10.10"]
[Round "1"]
[White "Brunner, Hermann"]
[Black "Stroeher, Rudolf"]
[Result "0-1"]
[WhiteElo "1696"]
[BlackElo "1805"]
[PlyCount "54"]
[EventDate "2002.??.??"]
[EventType "tourn (corr)"]
[EventRounds "6"]
[EventCountry "GER"]
[SourceTitle "Corr 2004"]
[Source "ChessBase"]
[SourceDate "2003.04.28"]
[SourceVersion "3"]
[SourceVersionDate "2003.04.28"]
[SourceQuality "1"]

1. e4 e5 2. Nf3 Nc6 3. d4 exd4 4. Bc4 Nf6 5. Nxd4 Nxe4 6. Nxc6 bxc6 7. 0-0 d5 8. Re1 Bc5 9. Rxe4+ dxe4 10. Qxd8+ Kxd8 11. Nc3 f5 12. Bg5+ Ke8 13. Rd1 Bd7 14. a3 Bd6 15. g3 Rb8 16. Bb3 h6 17. Be3 c5 18. Kf1 g5 19. Na4 c4 20. Bxc4 Bxa4 21. b3 Bb5 22. Bxb5+ Rxb5 23. a4 Rb7 24. Rd5 f4 25. Bd4 Rh7 26. Ra5 f3 27. Bxa7 Rd7 0-1

[Event "DESC VS039 email"]
[Site "DESC email"]
[Date "2002.10.10"]
[Round "2"]
[White "Stroeher, Rudolf"]
[Black "Brunner, Hermann"]
[Result "1-0"]
[WhiteElo "1805"]
[BlackElo "1696"]
[PlyCount "81"]
[EventDate "2002.??.??"]
[EventType "tourn (corr)"]
[EventRounds "6"]
[EventCountry "GER"]
[SourceTitle "Corr 2004"]
[Source "ChessBase"]
[SourceDate "2003.04.28"]
[SourceVersion "3"]
[SourceVersionDate "2003.04.28"]
[SourceQuality "1"]

1. e4 e5 2. Nf3 Nc6 3. d4 exd4 4. Bc4 h6 5. c3 dxc3 6. 0-0 d6 7. Nxc3 Nf6 8. e5 dxe5 9. Qxd8+ Nxd8 10. Re1 Bd6 11. Bf4 0-0 12. Bxe5 Bxe5 13. Nxe5 Be6 14. Bd3 c6 15. f4 Bd5 16. f5 Rc8 17. Re2 Rc7 18. Rae1 Re7 19. Ng4 Rxe2 20. Nxf6+ gxf6 21. Rxe2 Kg7 22. Re7 Rg8 23. Rd7 Re8 24. Kf2 a6 25. Nxd5 cxd5 26. Rxd5 Nc6 27. a3 Rd8 28. Rxd8 Nxd8 29. Be4 Kf8 30. Kf3 Ke7 31. Ke3 Kd6 32. Kd4 b6 33. g4 a5 34. Kc4 Ke5 35. Bd3 Kd6 36. Kb5 Kc7 37. Be4 Nb7 38. Bxb7 Kxb7 39. b4 axb4 40. axb4 Kc7 41. Ka6 1-0

[Event "DESC VS034 email"]
[Site "DESC email"]
[Date "2002.05.26"]
[Round "2"]
[White "Hort, Wolfgang"]
[Black "Stroeher, Rudolf"]
[Result "1-0"]
[WhiteElo "1926"]
[BlackElo "2022"]
[PlyCount "33"]
[EventDate "2002.??.??"]
[EventType "tourn (corr)"]
[EventRounds "6"]
[EventCountry "GER"]
[SourceTitle "Corr 2004"]
[Source "ChessBase"]
[SourceDate "2003.04.28"]
[SourceVersion "3"]
[SourceVersionDate "2003.04.28"]
[SourceQuality "1"]

1. d4 d5 2. c4 c6 3. Nc3 Nf6 4. Nf3 e6 5. e3 Nbd7 6. Bd3 dxc4 7. Bxc4 b5 8. Bd3 b4 9. Ne4 Be7 10. Nxf6+ Nxf6 11. Ne5 Bb7 12. Qf3 Qd5 13. Qxd5 exd5 14. Bd2 0-0 15. Rc1 Rfc8 16. Bf5 Rc7 17. Nd3 1-0

[Event "DESC A7Kl009 email"]
[Site "DESC email"]
[Date "2002.03.07"]
[Round "?"]
[White "Riepe, Bernhard"]
[Black "Stroeher, Rudolf"]
[Result "1-0"]
[WhiteElo "1964"]
[BlackElo "2021"]
[PlyCount "49"]
[EventDate "2002.??.??"]
[EventType "tourn (corr)"]
[EventRounds "6"]
[EventCountry "GER"]
[SourceTitle "Corr 2004"]
[Source "ChessBase"]
[SourceDate "2003.04.28"]
[SourceVersion "3"]
[SourceVersionDate "2003.04.28"]
[SourceQuality "1"]

1. d4 d5 2. c4 c6 3. Nc3 Nf6 4. e3 g6 5. Bd3 Bg7 6. Nf3 0-0 7. 0-0 Bg4 8. Qb3 Bxf3 9. gxf3 dxc4 10. Bxc4 b5 11. Be2 Nbd7 12. Rd1 e6 13. a4 a6 14. f4 Nd5 15. e4 Nc7 16. axb5 cxb5 17. d5 exd5 18. Nxd5 Ne6 19. e5 Re8 20. Qg3 Qc8 21. Be3 Qc2 22. Rd2 Qc8 23. Bf3 Rb8 24. Nb4 Ndc5 25. Rc1 1-0

[Event "DESC A7Kl009 email"]
[Site "DESC email"]
[Date "2002.03.07"]
[Round "?"]
[White "Stroeher, Rudolf"]
[Black "Heyn, Ulrich"]
[Result "1-0"]
[WhiteElo "2021"]
[BlackElo "1899"]
[PlyCount "88"]
[EventDate "2002.??.??"]
[EventType "tourn (corr)"]
[EventRounds "6"]
[EventCountry "GER"]
[SourceTitle "Corr 2004"]
[Source "ChessBase"]
[SourceDate "2003.04.28"]
[SourceVersion "3"]
[SourceVersionDate "2003.04.28"]
[SourceQuality "1"]

1. e4 e6 2. d4 d5 3. Nc3 Bb4 4. e5 c5 5. a3 Bxc3+ 6. bxc3 Ne7 7. Qg4 Qc7 8. Qxg7 Rg8 9. Qxh7 cxd4 10. Ne2 Nbc6 11. f4 Bd7 12. Qd3 dxc3 13. Qxc3 0-0-0 14. Ng3 Ng6 15. h4 d4 16. Qd3 Ngxe5 17. fxe5 Nxe5 18. Qb3 Ba4 19. Qxa4 Qc3+ 20. Kd1 Qxa1 21. Ne4 Kb8 22. Qb4 Ka8 23. Qb2 Qxb2 24. Bxb2 Ng4 25. Kd2 f5 26. Ng5 e5 27. Bc4 Rg6 28. g3 Rb6 29. Ba1 e4 30. Nf7 Rd7 31. h5 Ne3 32. Bb3 Rxb3 33. cxb3 Rxf7 34. Bxd4 Ng4 35. h6 Rh7 36. Be3 b6 37. Rh5 Kb7 38. Ke2 Kc7 39. Bf4+ Kd7 40. Rxf5 Ke6 41. Rg5 Nf6 42. g4 Kf7 43. Rf5 Kg6 44. Re5 Rd7 1-0